Effectif FC Nantes saison 2024/2025 - Statistiques

Statistiques générales
  • Ce quiz a été pris 2 767 fois
    967 depuis la dernière actualisation
  • Le résultat moyen est 16 sur 24
Statistiques - réponses
Hint Réponse % Correct
G Alban Lafont
97%
D Nicolas Pallois
90%
A Matthis Abline
87%
A Moses Simon
87%
A Mostafa Mohamed
86%
Coach Antoine Kombouaré
81%
M Pedro Chirivella
81%
D Jean-Charles Castelletto
78%
D Nathan Zézé
74%
M Johann Lepenant
73%
M Douglas Augusto
72%
D Nicolas Cozza
70%
D Kelvin Amian
63%
D Marcus Coco
58%
D Jean-Kévin Duverne
57%
M Florent Mollet
53%
A Bahereba Guirassy
52%
D Fabien Centonze
51%
G Patrik Carlgren
46%
M Sorba Thomas
46%
G Hugo Barbet
45%
A Ignatius Ganago
44%
A Tino Kadewere
42%
M Jean-Philippe Gbamin
30%
Aucun quiz correspondant
Distribution des résultats
% des personnes avec chaque résultat
Percentile par nombre de réponses
Votre historique - résultats
Vous n’avez pas pris ce quiz depuis la dernière actualisation